| 000 | 00935nam a22001697a 4500 | ||
|---|---|---|---|
| 020 | _a0764117696 | ||
| 040 | _c0 | ||
| 082 | _a378.1662,GRE | ||
| 100 |
_aGreen, Sharon Weiner _938360 |
||
| 245 |
_aBarrons GRE : How to prepare for the Graduate Record Examination _cSharon Weiner Green & Ira Wolf |
||
| 250 | _a15th Edition | ||
| 260 |
_aJahagir Book Depot _bLahore _c2003 |
||
| 300 | _a536 p | ||
| 505 | _aWhat You Need to Know About the GRE (Page-1), A Diagnostic Test (Page-14), Sentence Completion Questions (Page-66), Analogy Questions (Page-81), Reading Comprehension Question (Page-93), Antonym Questions (Page-), Reviewing Vocabulary (Page-), Quantitative Comparison Questions (Page-), Discrete Quantitative Questions (Page-), Data Interpretation Questions (Page-), Mathematics Review (Page-), Analytical Ability (Page-395), Test Yourself- Five Practice Tests (Page-418). | ||
| 650 |
_aGRE Test _956287 |
||
| 942 |
_2ddc _cBK |
||
| 999 |
_c595033 _d595033 |
||